| 000 | 00683 a2200205 4500 | ||
|---|---|---|---|
| 001 | 54698 | ||
| 005 | 20260407155821.0 | ||
| 008 | 260407a1973 arg spa d | ||
| 003 | AR-UNSa-BCEJYS | ||
| 040 |
_aAR-UNSa-BCEJYS _bspa _cAR-UNSa-BCEJYS |
||
| 080 |
_a94(82):32 _xHistoria Política y Constitucional de Argentina |
||
| 245 | 1 | 0 | _aBases para la reconstrucción nacional |
| 020 | _a950-21-0718-7 | ||
| 264 | 1 |
_aBuenos Aires : _bPlus Ultra _c1973 |
|
| 300 |
_a2v.(007-357; 007-315) p. _c20 cm. |
||
| 505 | _aI. Raúl Prebisch - II. Ferrocarriles - III. Petróleo,CADE y varios | ||
| 942 | _cBK | ||
| 590 | _aniveau_biblio:m niveau_hierar:0 | ||
| 100 | 1 | _aScalabrini Ortiz, Raúl | |
| 999 |
_c5723 _d5723 |
||